Potreba ochrany nehmotného bohatstva ako nástroj zabezpečenia konkurencieschopnosti podniku

Ochrana práv duševného vlastníctva. Prečo patentovať. Ochranné známky. Priemyselný dizajn. Obchodné tajomstvo a ochrana informácií. Autorské právo.

Salvato in:
Dettagli Bibliografici
Autore principale: Gubová, Klaudia, 1986-
Altri autori: Smorada, Marián, 1984-
Natura: Capitolo di libro
Lingua:slovacco
Soggetti:
Tags: Aggiungi Tag
Nessun Tag, puoi essere il primo ad aggiungerne!!

MARC

LEADER 00000nla a2200000 4500
001 0175860
005 20240502083417.5
041 0 |a slo 
044 |a CZ 
245 1 0 |a Potreba ochrany nehmotného bohatstva ako nástroj zabezpečenia konkurencieschopnosti podniku  |c Klaudia Gubová, Marián Smorada 
520 |a Ochrana práv duševného vlastníctva. Prečo patentovať. Ochranné známky. Priemyselný dizajn. Obchodné tajomstvo a ochrana informácií. Autorské právo. 
610 2 0 |a vlastníctvo duševné 
610 2 0 |a právo autorské 
610 2 0 |a patenty 
610 2 0 |a známky ochranné 
610 2 0 |a majetok nehmotný 
610 2 0 |a konkurencieschopnosť 
100 1 |a Gubová, Klaudia, 1986- 
700 1 |a Smorada, Marián, 1984-